00460cam a2200145 a 450008200150000010000200001524500520003526000220008730000290010952600370013865000130017594200120018899900190020095200950021900a674.2bSAW aArmy pak94509700aSaws, portable, petrol driven 39 inchbPak army aPakistan:cc1940. a24+ p. :bill. ;c24 cm. a0b0c0d674_200000000000000_SAW 0aMCE9379 2ddccBK c548696d548696 00102ddc4070aMCEbMCEd2014-09-04l0o674.2 SAWpMCE-41460r2014-09-04w2014-09-04yBK